| 000 | 00429nam a2200157Ia 4500 | ||
|---|---|---|---|
| 008 | 230312s9999||||xx |||||||||||||| ||und|| | ||
| 020 | _a81-203-4015-2 | ||
| 082 |
_a621.31 _bCHA-P |
||
| 100 | _aChakrabarti;Abhijit | ||
| 245 | 0 | _aPower System Analysis Operation and Control | |
| 260 |
_bPHI _aIndia _c2011 |
||
| 300 | _a1270 | ||
| 546 | _aEng. | ||
| 650 |
_aEngineering _vPower System Analysis Operation and Control |
||
| 942 | _cBK | ||
| 999 |
_c7522 _d7522 |
||